[Event "Ch Switzerland"]
[Site "masterchessopen.com Silvaplana (Switzerland)"]
[Round "4"]
[White "Widmer Simon (SUI)"]
[Black "Zanetti Bruno (SUI)"]
[Result "1-0"]
[WhiteElo "2199"]
[BlackElo "2060"]

1.e4 c5 2.Nf3 Nc6 3.d4 cxd4 4.Nxd4 e5 5.Nb5 d6 6.N1c3 a6 7.Na3 Nf6 8.Bg5 Be6
9.Nc4 Rc8 10.Nd5 Bxd5 11.Bxf6 Qxf6 12.Qxd5 Nd4 13.Qxb7 Qe6 14.Ne3 Rxc2 15.Nxc2
Nxc2+ 16.Kd2 Nxa1 17.Bxa6 Be7 18.Bb5+ Kf8 19.Qa8+ {#r} 1-0

[Event "It (open)"]
[Site "masterchessopen.com Campobasso (Italy)"]
[Date "2003.07.11"]
[Round "1"]
[White "Fiore Tommaso"]
[Black "Capuano Eugenio (ITA)"]
[Result "0-1"]
[WhiteElo "1747"]
[BlackElo "2173"]

1.e4 c5 2.Nf3 Nc6 3.d4 cxd4 4.Nxd4 e5 5.Nb5 d6 6.N1c3 a6 7.Na3 b5 8.Nd5 Nce7
9.c4 Nxd5 10.Qxd5 Be6 11.Qb7 Nf6 12.cxb5 Rb8 13.Qxa6 d5 14.Nc2 Be7 15.Bg5 O-O
16.Bxf6 gxf6 17.a3 dxe4 18.Be2 Bd5 19.Qa7 Rc8 20.Ne3 Ra8 21.Nxd5 Rxa7 {#R} 0-1

[Event "It (open)"]
[Site "masterchessopen.com Lugano (Switzerland)"]
[Round "4"]
[White "Bachmann P"]
[Black "Medda Carlo (SUI)"]
[Result "1-0"]
[WhiteElo "1807"]
[BlackElo "1743"]

1.e4 c5 2.Nf3 Nc6 3.d4 cxd4 4.Nxd4 e5 5.Nb5 d6 6.N1c3 Nf6 7.Bg5 h6 8.Bxf6 gxf6
9.Nd5 Kd7 10.Nbc7 Rg8 11.g3 Nb4 12.Bb5+ Nc6 13.Qh5 Rb8 14.Qf5# 1-0

[Event "Tournament (open)"]
[Site "masterchessopen.com Vila Velha (Brazil)"]
[Date "2004.02.28"]
[Round "4"]
[White "Osorio Jose Eustaquio Hatem (BRA)"]
[Black "Agdamus Jose Luis (BRA)"]
[Result "0-1"]
[WhiteElo "1975"]
[BlackElo "2270"]

1.e4 c5 2.Nf3 Nc6 3.d4 cxd4 4.Nxd4 e5 5.Nb5 d6 6.N1c3 a6 7.Na3 b5 8.Nd5 Nge7
9.c3 Nxd5 10.exd5 Ne7 11.Nc2 g6 12.Bg5 Bg7 13.Be2 f6 14.Be3 O-O 15.g4 Bb7
16.Bf3 f5 17.gxf5 Nxf5 18.Bg4 Qh4 19.Bxf5 gxf5 20.Nb4 Qe4 21.Ke2 f4 {#R} 0-1

[Event "Tournament (Elo) (a)"]
[Site "masterchessopen.com Budapest (Hungary)"]
[Date "2004.06.14"]
[Round "10"]
[White "Csolig Robert (HUN)"]
[Black "Nielsen Jan Mose (DEN)"]
[Result "1-0"]
[WhiteElo "2125"]
[BlackElo "2130"]

1.e4 c5 2.Nf3 Nc6 3.d4 cxd4 4.Nxd4 e5 5.Nb5 d6 6.N1c3 a6 7.Na3 b5 8.Nd5 Nce7
9.Bg5 h6 10.Bxb5+ axb5 11.Nxb5 Ra7 12.Nxd6+ Qxd6 13.Nf6+ gxf6 14.Qxd6 hxg5
15.O-O Bh6 16.a4 Kf8 17.b4 Kg7 18.b5 Ng6 19.Qb8 {#r} 1-0

[Event "It (open)"]
[Site "masterchessopen.com Cullera (Spain)"]
[Date "2004.07.22"]
[Round "3"]
[White "Gonzalez Somoza Oliver (ESP)"]
[Black "Serrano Felipe Rafael (ESP)"]
[Result "1-0"]
[WhiteElo "2224"]
[BlackElo "2075"]

1.e4 c5 2.Nf3 Nc6 3.d4 cxd4 4.Nxd4 e5 5.Nb5 d6 6.N1c3 a6 7.Na3 Nf6 8.Bg5 Be7
9.Bxf6 Bxf6 10.Nc4 Nd4 11.Nd5 O-O 12.c3 Nc6 13.Ndb6 Rb8 14.Qxd6 Bg4 15.Be2
Bxe2 16.Kxe2 Qe8 17.Qd7 Rd8 18.Qxe8 {#r} 1-0

[Event "Memorial Karl Mala (open)"]
[Site "masterchessopen.com Frankfurt (Germany)"]
[Date "2004.07.24"]
[Round "5"]
[White "Fink Leander (GER)"]
[Black "Ackermann Johannes (GER)"]
[Result "1-0"]
[WhiteElo "1920"]
[BlackElo "1938"]

1.e4 c5 2.Nf3 Nc6 3.d4 cxd4 4.Nxd4 e5 5.Nb5 d6 6.Be3 a6 7.N5c3 Nf6 8.Nd5 Be7
9.Bb6 Qd7 10.Nc7+ Kf8 11.Nxa8 Nxe4 12.Nc7 {#r} 1-0

[Event "It \"]
[Site "masterchessopen.com Paris (France)"]
[Date "2004.08.11"]
[Round "4"]
[White "Sohier Julien (FRA)"]
[Black "Housseau Christophe (FRA)"]
[Result "0-1"]
[WhiteElo "2131"]
[BlackElo "2043"]

1.e4 c5 2.Nf3 Nc6 3.d4 cxd4 4.Nxd4 e5 5.Nb5 d6 6.c4 Be7 7.N1c3 a6 8.Na3 Be6
9.Nc2 Rc8 10.Be3 Bg5 11.Qd2 Bxe3 12.Qxe3 Qa5 13.Qd2 Nf6 14.Be2 O-O 15.O-O Rfd8
16.Rfd1 b5 17.b4 Qb6 18.cxb5 axb5 19.Bxb5 Nd4 20.Bd3 Nxc2 21.Bxc2 Qc6 {#R} 0-1

[Event "It (b)"]
[Site "masterchessopen.com Serpukhov (Russia)"]
[Date "2004.09.03"]
[Round "13"]
[White "Rodchenkov Sergey D (RUS)"]
[Black "Ivanova Svetlana (UKR)"]
[Result "1-0"]
[WhiteElo "2382"]
[BlackElo "2210"]

1.e4 c5 2.Nf3 Nc6 3.d4 cxd4 4.Nxd4 e5 5.Nb5 d6 6.Bc4 Be7 7.O-O a6 8.N5c3 Be6
9.Nd5 Rc8 10.Be3 Nd4 11.Bd3 Nf5 12.Bb6 Qd7 13.Nc7+ Rxc7 14.exf5 Bd5 15.Bxc7
Qxc7 16.Bb5+ Bc6 17.Bxc6+ bxc6 18.c4 Qd7 19.Nc3 Qxf5 20.Qa4 Qc8 21.Nd5 Kf8
22.Nb4 {#r} 1-0

[Event "Tournament (regional)"]
[Site "masterchessopen.com Valencia (Spain)"]
[Round "2"]
[White "Rosa Cintas Raul (ESP)"]
[Black "Pastor Briones Jose (ESP)"]
[Result "1-0"]
[WhiteElo "2137"]
[BlackElo "1845"]

1.e4 c5 2.Nf3 Nc6 3.d4 cxd4 4.Nxd4 e5 5.Nb5 d6 6.N1c3 f5 7.Nd5 Be6 8.Nbc7+ Kf7
9.Nxa8 Bxd5 10.Qxd5+ Ke8 11.Bc4 Qd7 12.Qe6+ Nge7 13.Qf7+ Kd8 14.Be6 Qe8
15.Qxe8+ Kxe8 16.Nc7+ Kd8 17.Nb5 {#r} 1-0

[Event "It (open)"]
[Site "masterchessopen.com Montigny le Bretonneux (France)"]
[Round "7"]
[White "Wuthrich Guillaume (FRA)"]
[Black "Blasco Robert"]
[Result "1-0"]
[WhiteElo "1960"]
[BlackElo "1410"]

1.e4 c5 2.Nf3 Nc6 3.d4 cxd4 4.Nxd4 e5 5.Nb5 d6 6.N1c3 Be6 7.Nd5 Bxd5 8.exd5
Nce7 9.Be2 a6 10.Nc3 Nc8 11.O-O Be7 12.a4 Nf6 13.a5 O-O 14.Be3 b5 15.axb6 Nxb6
16.Rxa6 Rxa6 17.Bxa6 Nbxd5 18.Nxd5 Nxd5 19.Qxd5 Qb6 20.Bxb6 {#r} 1-0

[Event "corr."]
[Site "masterchessopen.com France"]
[Round "0"]
[White "Deflesselle Tanguy (FRA)"]
[Black "Vernadet Jacques (FRA)"]
[Result "1-0"]
[WhiteElo "2123"]
[BlackElo "1766"]

1.e4 c5 2.Nf3 Nc6 3.d4 cxd4 4.Nxd4 e5 5.Nb5 d6 6.c4 a6 7.N5a3 Nf6 8.Nc3 Be7
9.Be2 Be6 10.Be3 O-O 11.O-O Rc8 12.Rc1 Na5 13.Nd5 Nxe4 14.Bb6 Qd7 15.Bxa5 Qa4
16.Nxe7+ Kh8 17.Qxa4 {#r} 1-0

[Event "It \"]
[Site "masterchessopen.com Poltavskaya (Russia)"]
[Round "0"]
[White "Ivanova Svetlana (UKR)"]
[Black "Mamonova Yulia (UKR)"]
[Result "1-0"]
[WhiteElo "2264"]
[BlackElo "2157"]

1.e4 c5 2.Nf3 Nc6 3.d4 cxd4 4.Nxd4 e5 5.Nb5 d6 6.N1c3 a6 7.Na3 b5 8.Nd5 Nf6
9.Bg5 Be7 10.Bxf6 Bxf6 11.c3 Bg5 12.Nc2 O-O 13.Bd3 Be6 14.Nce3 Bxe3 15.Nxe3
Ne7 16.O-O d5 17.exd5 Nxd5 18.Nxd5 Bxd5 19.Qh5 g6 20.Qxe5 Bxg2 21.Rfd1 Bf3
22.Be2 {#r} 1-0

[Event "It (open) \"]
[Site "masterchessopen.com Athens (Greece)"]
[Date "2005.03.13"]
[Round "8"]
[White "Tsiamis Konstantinos (GRE)"]
[Black "Fragiadakis Konstantinos (GRE)"]
[Result "1-0"]
[WhiteElo "2307"]
[BlackElo "2216"]

1.e4 c5 2.Nf3 Nc6 3.d4 cxd4 4.Nxd4 e5 5.Nb5 d6 6.N1c3 a6 7.Na3 b5 8.Nd5 Be6
9.c4 Nd4 10.cxb5 Bxd5 11.exd5 axb5 12.Nxb5 Qa5+ 13.Bd2 Qb6 14.Nxd4 Qxd4 15.Qb3
Qe4+ 16.Be3 Be7 17.Qb7 Rd8 18.Bb5+ Kf8 19.O-O Nf6 20.Bb6 {#r} 1-0

[Event "Ch Russia (juniors) (under 18)"]
[Site "masterchessopen.com Dagomys (Russia)"]
[Date "2005.04.10"]
[Round "5"]
[White "Beklarjan Lazar (RUS)"]
[Black "Gizatullin Dmitry (RUS)"]
[Result "1-0"]
[WhiteElo "2227"]
[BlackElo "2077"]

1.e4 c5 2.Nf3 Nc6 3.d4 cxd4 4.Nxd4 e5 5.Nb5 d6 6.N1c3 a6 7.Na3 b5 8.Nd5 Nce7
9.Nb4 Nf6 10.c4 Nxe4 11.cxb5 a5 12.Nc6 Nxc6 13.b6 d5 14.Bd3 Bb4+ 15.Kf1 Ba6
16.Nc2 Qf6 17.f3 Bc5 18.Bxa6 Qh4 19.Qe1 Bf2 20.Qe2 Rxa6 21.b7 Rb6 22.Qb5 Kd7
{#r} 1-0

[Event "It (open)"]
[Site "masterchessopen.com Portoroz (Slovenia)"]
[Date "2005.04.26"]
[Round "1"]
[White "Srebrnic Marko (SLO)"]
[Black "Bilbija Nina (SLO)"]
[Result "1-0"]
[WhiteElo "2258"]
[BlackElo "1769"]

1.e4 c5 2.Nf3 Nc6 3.d4 cxd4 4.Nxd4 e5 5.Nb5 d6 6.N1c3 a6 7.Na3 b5 8.Nd5 Nf6
9.Bg5 Be7 10.Bxf6 Bxf6 11.c3 O-O 12.Nc2 Be6 13.Nce3 Bg5 14.Be2 f5 15.exf5 Bxf5
16.O-O Ne7 17.Nxe7+ Qxe7 18.Nxf5 Rxf5 19.Qd5+ {#r} 1-0

[Event "It (open) \"]
[Site "masterchessopen.com Pardubice (Czech Republic)"]
[Round "3"]
[White "Trefny Vlastimil (CZE)"]
[Black "Moroz Alexander (UKR)"]
[Result "0-1"]
[WhiteElo "2253"]
[BlackElo "2506"]

1.e4 c5 2.Nf3 Nc6 3.d4 cxd4 4.Nxd4 e5 5.Nb5 d6 6.Bc4 a6 7.N5c3 Nf6 8.O-O Be7
9.a4 Be6 10.Bd5 Bxd5 11.exd5 Nd4 12.Be3 Nf5 13.Bg5 Nxd5 14.Qxd5 Bxg5 15.f4
Qb6+ 16.Rf2 Bxf4 17.Kf1 {#R} 0-1

[Event "Cup North Sea (open)"]
[Site "masterchessopen.com Esbjerg (Denmark)"]
[Date "2005.07.03"]
[Round "2"]
[White "Nielsen Nicholas (DEN)"]
[Black "Konstantinov Maxim (DEN)"]
[Result "1-0"]
[WhiteElo "2208"]
[BlackElo "1886"]

1.e4 c5 2.Nf3 Nc6 3.d4 cxd4 4.Nxd4 e5 5.Nb5 d6 6.c4 Be7 7.N1c3 a6 8.Na3 f5
9.Bd3 fxe4 10.Nxe4 Nf6 11.Nc2 Nxe4 12.Bxe4 Be6 13.Qd3 Qc7 14.O-O O-O-O 15.Ne3
Nb4 16.Qb3 a5 17.a3 Na6 18.Bf5 Nc5 19.Qc3 g6 20.Nd5 Na4 21.Bxe6+ {#r} 1-0

[Event "Tournament (team) \"]
[Site "masterchessopen.com Dvorovi (Bosnia & Herzegovina)"]
[Date "2005.07.05"]
[Round "4"]
[White "Tomic Bosko (BIH)"]
[Black "Peric Milovan (BIH)"]
[Result "1-0"]
[WhiteElo "2334"]
[BlackElo "2163"]

1.e4 c5 2.Nf3 Nc6 3.d4 cxd4 4.Nxd4 e5 5.Nb5 d6 6.N1c3 Nf6 7.Bg5 h6 8.Bxf6 gxf6
9.Nd5 Rb8 10.Nbc7+ Kd7 11.Qg4+ {#r} 1-0

[Event "It (open)"]
[Site "masterchessopen.com Condom (France)"]
[Date "2005.07.10"]
[Round "2"]
[White "Sulypa Alexandre (UKR)"]
[Black "Marciniak Alexandre (FRA)"]
[Result "1-0"]
[WhiteElo "2489"]
[BlackElo "2199"]

1.e4 c5 2.Nf3 Nc6 3.d4 cxd4 4.Nxd4 e5 5.Nb5 d6 6.Be3 Be7 7.N1c3 a6 8.Nd5 Kf8
9.Bb6 Qd7 10.Nxe7 Ncxe7 11.Nxd6 Qc6 12.Ba5 Be6 13.Qd2 Nf6 14.O-O-O Bxa2 15.Qb4
Be6 16.Nxb7 Qxe4 17.Nc5 Qxb4 18.Bxb4 a5 19.Ba3 Ke8 20.Bb5+ {#r} 1-0

[Event "Ch Paris (open)"]
[Site "masterchessopen.com Paris (France)"]
[Date "2005.07.10"]
[Round "2"]
[White "Vasilescu Victor (FRA)"]
[Black "Glicenstein Asher (FRA)"]
[Result "0-1"]
[WhiteElo "2160"]
[BlackElo "2306"]

1.e4 c5 2.Nf3 Nc6 3.d4 cxd4 4.Nxd4 e5 5.Nb5 d6 6.c4 Be7 7.Bd3 Nf6 8.N1c3 a6
9.Na3 Bg4 10.f3 Be6 11.Be3 O-O 12.Qd2 Nb4 13.O-O Nxd3 14.Qxd3 Rc8 15.Rac1 Nd7
16.Rfd1 f5 17.Nd5 Bh4 18.Qd2 f4 {#R} 0-1

[Event "Memorial Karl Mala (open)"]
[Site "masterchessopen.com Frankfurt (Germany)"]
[Date "2005.07.30"]
[Round "4"]
[White "Kessler Paul (GER)"]
[Black "Goesswein Dorothee"]
[Result "1-0"]
[WhiteElo "2023"]
[BlackElo "1379"]

1.e4 c5 2.Nf3 Nc6 3.d4 cxd4 4.Nxd4 e5 5.Nb5 d6 6.N1c3 a6 7.Na3 b5 8.Nd5 Nf6
9.c4 b4 10.Nc2 Nxe4 11.Qf3 f5 12.Bd3 Ng5 13.Bxg5 Qxg5 14.Nf6+ {#r} 1-0

[Event "It (open)"]
[Site "masterchessopen.com Izmir (Turkey)"]
[Round "8"]
[White "Erke Mustafa Yigit (TUR)"]
[Black "Manisali Ilteris Mert (TUR)"]
[Result "1-0"]
[WhiteElo "1873"]
[BlackElo "1868"]

1.e4 c5 2.Nf3 Nc6 3.d4 cxd4 4.Nxd4 e5 5.Nb5 d6 6.a4 f5 7.Bc4 Nf6 8.Bg5 Qa5+
9.N1c3 Nxe4 10.O-O Nxg5 11.Qh5+ g6 12.Qxg5 Be7 13.Nxd6+ Bxd6 14.Qf6 Rf8
15.Qxd6 Bd7 16.Be6 O-O-O 17.Bxd7+ Rxd7 18.Qxf8+ {#r} 1-0

[Event "It \"]
[Site "masterchessopen.com Donskoj (Russia)"]
[Date "2005.09.22"]
[Round "12"]
[White "Igriashvili Zurab (GEO)"]
[Black "Bakutin Aleksey (RUS)"]
[Result "0-1"]
[WhiteElo "2277"]
[BlackElo "2311"]

1.e4 c5 2.Nf3 Nc6 3.d4 cxd4 4.Nxd4 e5 5.Nb5 d6 6.c4 Be7 7.Be3 f5 8.exf5 Bxf5
9.N1c3 a6 10.Na3 Nf6 11.Bd3 e4 12.Be2 d5 13.Nxd5 Bxa3 14.Nxf6+ Qxf6 15.bxa3
Rd8 16.Qb1 Qc3+ 17.Kf1 O-O 18.h4 Bg4 19.Bxg4 Qxe3 20.Qe1 Qf4 21.Be2 e3 22.f3
{#R} 0-1

[Event "It (open)"]
[Site "masterchessopen.com Calvia (Spain)"]
[Date "2005.10.21"]
[Round "1"]
[White "Cabrera Trujillo Jorge (ESP)"]
[Black "Maze Sebastien (FRA)"]
[Result "0-1"]
[WhiteElo "2121"]
[BlackElo "2506"]

1.e4 c5 2.Nf3 Nc6 3.d4 cxd4 4.Nxd4 e5 5.Nb5 d6 6.N1c3 a6 7.Na3 b5 8.Nd5 Nge7
9.c4 Nd4 10.Be3 Nxd5 11.exd5 Be7 12.cxb5 Nf5 13.bxa6 O-O 14.Bd2 e4 15.Nc4 Bf6
16.Bc3 Bxa6 17.Be2 Bxc3+ 18.bxc3 Qc7 19.Qb3 Rfb8 20.Qa4 Bb5 {#R} 0-1

[Event "It (open)"]
[Site "masterchessopen.com Bad Zwesten (Germany)"]
[Round "1"]
[White "Luther Thomas (GER)"]
[Black "Ewin Hans-Peter (GER)"]
[Result "1-0"]
[WhiteElo "2594"]
[BlackElo "1962"]

1.e4 c5 2.Nf3 Nc6 3.d4 cxd4 4.Nxd4 e5 5.Nb5 d6 6.c4 a6 7.N5c3 Be7 8.Nd5 Nf6
9.Nxe7 Nxe7 10.Nc3 Be6 11.Bd3 Rc8 12.Nd5 Nc6 13.O-O O-O 14.Bg5 Nd4 15.f4 Bxd5
16.fxe5 Qb6 17.exf6 Ne6+ 18.Kh1 Bxc4 19.fxg7 Nxg7 20.Bf6 Kh8 21.Qg4 {#r} 1-0

[Event "Ch France (team) (nat.2) 2005/06"]
[Site "masterchessopen.com France"]
[Date "2006.01.15"]
[Round "6"]
[White "Le Bail Clara (FRA)"]
[Black "Andrez Marc-Olivier (FRA)"]
[Result "0-1"]
[WhiteElo "1965"]
[BlackElo "2189"]

1.e4 c5 2.Nf3 Nc6 3.d4 cxd4 4.Nxd4 e5 5.Nb5 d6 6.c4 Be7 7.N1c3 a6 8.Na3 Be6
9.Be3 Bg5 10.Nc2 Bxe3 11.Nxe3 Nf6 12.Be2 O-O 13.O-O Rc8 14.Rc1 Nd4 15.Qd2 Qa5
16.Rfd1 b5 17.cxb5 axb5 18.a3 Nxe4 19.Qd3 Nxc3 20.bxc3 Rxc3 21.Qd2 Rxa3
22.Qxa5 Rxa5 {#R} 0-1

[Event "It (open)"]
[Site "masterchessopen.com Leutersdorf (Germany)"]
[Round "1"]
[White "Hoffmann Hendrik (GER)"]
[Black "Reh Theresa (GER)"]
[Result "1-0"]
[WhiteElo "2329"]
[BlackElo "1865"]

1.e4 c5 2.Nf3 Nc6 3.d4 cxd4 4.Nxd4 e5 5.Nb5 d6 6.c4 a6 7.N5c3 f5 8.Nd5 Be7
9.Be3 Rb8 10.Nbc3 Nf6 11.Bb6 Qd7 12.exf5 O-O 13.Bd3 Nxd5 14.Nxd5 Bf6 15.Be4
Ne7 16.Nxe7+ Bxe7 17.O-O Kh8 18.Qh5 Bf6 19.Rad1 Qe7 20.b4 {#r} 1-0

[Event "Ch Poland (juniors) (under 18)"]
[Site "masterchessopen.com Leba (Poland)"]
[Date "2006.03.29"]
[Round "7"]
[White "Niedzwiedz Marek (POL)"]
[Black "Markiewicz Mateusz (POL)"]
[Result "1-0"]
[WhiteElo "2000"]
[BlackElo "1925"]

1.e4 c5 2.Nf3 Nc6 3.d4 cxd4 4.Nxd4 e5 5.Nb5 d6 6.N1c3 a6 7.Na3 Be6 8.Nc4 Rc8
9.Nd5 Nd4 10.c3 Qh4 11.cxd4 Qxe4+ 12.Nce3 exd4 13.Bd3 Qh4 14.g3 Qd8 15.Qa4+
Qd7 16.Qxd4 Qc6 17.O-O {#r} 1-0

[Event "Ch Hessen (juniors) (under 16/18)"]
[Site "masterchessopen.com Bad Homburg (Germany)"]
[Round "4"]
[White "Warnecke Tobias (GER)"]
[Black "Fink Leander (GER)"]
[Result "0-1"]
[WhiteElo "2062"]
[BlackElo "2056"]

1.e4 c5 2.Nf3 Nc6 3.d4 cxd4 4.Nxd4 e5 5.Nb5 d6 6.c4 Be6 7.Be2 Be7 8.O-O Nf6
9.N1c3 a6 10.Na3 O-O 11.Nc2 Nd7 12.Ne3 Nc5 13.Ned5 Bxd5 14.Qxd5 Nd4 15.b4 Nce6
16.Bg4 b6 17.Bxe6 fxe6 18.Qb7 Rf7 {#R} 0-1

[Event "It \"]
[Site "masterchessopen.com Bad Homburg (Germany)"]
[Date "2006.06.15"]
[Round "2"]
[White "Dorst Johannes (GER)"]
[Black "Foerster Rudolf (GER)"]
[Result "1-0"]
[WhiteElo "2193"]
[BlackElo "1962"]

1.e4 c5 2.Nf3 Nc6 3.d4 cxd4 4.Nxd4 e5 5.Nb5 d6 6.N1c3 a6 7.Na3 b5 8.Nd5 Be6
9.c3 Be7 10.Nc2 Nf6 11.f3 Bxd5 12.exd5 Na5 13.Ne3 O-O 14.a4 Qb6 15.Nf5 Bd8
16.Be3 Qb7 17.Nxd6 Qxd5 18.axb5 Bc7 19.Ne4 axb5 20.Nxf6+ {#r} 1-0

[Event "It (open)"]
[Site "masterchessopen.com St. Veit (Austria)"]
[Date "2006.07.08"]
[Round "1"]
[White "Wieser Gerald (AUT)"]
[Black "Csiszar Csaba (HUN)"]
[Result "0-1"]
[WhiteElo "1940"]
[BlackElo "2440"]

1.e4 c5 2.Nf3 Nc6 3.d4 cxd4 4.Nxd4 e5 5.Nb5 d6 6.Be3 Be7 7.Be2 Nf6 8.N5c3 O-O
9.O-O Be6 10.a3 Rc8 11.Kh1 a6 12.Bf3 Na5 13.b3 b5 14.Qd3 Nb7 15.Nd5 Nxd5
16.exd5 Bd7 17.g3 g5 18.Bg2 Bf6 19.Qd2 g4 {#R} 0-1

[Event "It (open)"]
[Site "masterchessopen.com Condom (France)"]
[Date "2006.07.09"]
[Round "2"]
[White "Schuermans Robert (BEL)"]
[Black "Grigore George-Gabriel (ROM)"]
[Result "0-1"]
[WhiteElo "2239"]
[BlackElo "2480"]

1.e4 c5 2.Nf3 Nc6 3.d4 cxd4 4.Nxd4 e5 5.Nb5 d6 6.N1c3 a6 7.Na3 Be6 8.Nc4 b5
9.Ne3 Nf6 10.Ned5 Be7 11.a4 b4 12.Nxf6+ Bxf6 13.Nd5 O-O 14.Bc4 Nd4 15.Be3 Rc8
16.Bxa6 Nf3+ 17.gxf3 Bf5 18.Bg5 Qb6 19.Ke2 Qxa6+ {#R} 0-1

[Event "Tournament (juniors)"]
[Site "masterchessopen.com Lublin (Poland)"]
[Date "2006.07.11"]
[Round "5"]
[White "Bartosik Piotr (POL)"]
[Black "Roszkowski Rafal (POL)"]
[Result "0-1"]
[WhiteElo "1993"]
[BlackElo "2049"]

1.e4 c5 2.Nf3 Nc6 3.d4 cxd4 4.Nxd4 e5 5.Nb5 d6 6.N1c3 a6 7.Na3 Be6 8.Nc4 b5
9.Ne3 Nf6 10.f3 Ne7 11.Bd3 g6 12.O-O Bg7 13.f4 exf4 14.Rxf4 O-O 15.a4 b4
16.Ne2 a5 17.Nd4 Bd7 18.c4 Nh5 {#R} 0-1

[Event "Tournament (open)"]
[Site "masterchessopen.com Pszczyna (Poland)"]
[Date "2006.07.23"]
[Round "9"]
[White "Banasik Henryk (POL)"]
[Black "Polok Rafal (POL)"]
[Result "1-0"]
[WhiteElo "2114"]
[BlackElo "1981"]

1.e4 c5 2.Nf3 Nc6 3.d4 cxd4 4.Nxd4 e5 5.Nb5 d6 6.N1c3 a6 7.Na3 b5 8.Nd5 Nce7
9.c4 Nxd5 10.exd5 bxc4 11.Nxc4 Nf6 12.Bd2 Nxd5 13.Ba5 Nc7 14.Qf3 Ra7 15.Rd1 f6
16.Bd3 g6 17.Be4 Be6 18.Bc6+ Kf7 19.Nxe5+ Kg7 20.Ng4 Bc4 21.Nxf6 Be7 22.Ng4
{#r} 1-0

[Event "It (open)"]
[Site "masterchessopen.com Vienna (Austria)"]
[Date "2006.07.30"]
[Round "2"]
[White "Bensch Patrick (GER)"]
[Black "Polak Tomas (CZE)"]
[Result "0-1"]
[WhiteElo "2232"]
[BlackElo "2483"]

1.e4 c5 2.Nf3 Nc6 3.d4 cxd4 4.Nxd4 e5 5.Nb5 d6 6.N1c3 a6 7.Na3 b5 8.Nd5 Nce7
9.Nb4 Nf6 10.Bd3 d5 11.Qe2 Be6 12.exd5 Nexd5 13.Nc6 Qc7 14.Nxe5 Bxa3 {#R} 0-1

[Event "Ch Croatia (juniors) (under 17)"]
[Site "masterchessopen.com Bjelolasica (Croatia)"]
[Date "2006.08.17"]
[Round "8"]
[White "Srbis Jurica (CRO)"]
[Black "Saric Ivan (CRO)"]
[Result "0-1"]
[WhiteElo "2025"]
[BlackElo "2482"]

1.e4 c5 2.Nf3 Nc6 3.d4 cxd4 4.Nxd4 e5 5.Nb5 d6 6.N1c3 a6 7.Na3 b5 8.Nd5 Nf6
9.Bg5 Be7 10.Bxf6 Bxf6 11.c4 Nd4 12.cxb5 O-O 13.bxa6 Bg5 14.Nc2 Bg4 15.Qd3 Rc8
16.Nxd4 Qa5+ 17.b4 Qxa2 18.Nb3 Qxa1+ {#R} 0-1

[Event "It (open)"]
[Site "masterchessopen.com Stare Mesto (Czech Republic)"]
[Date "2006.08.17"]
[Round "8"]
[White "Novosadova Kristyna (CZE)"]
[Black "Ponizil Cyril (CZE)"]
[Result "0-1"]
[WhiteElo "2021"]
[BlackElo "2226"]

1.e4 c5 2.Nf3 Nc6 3.d4 cxd4 4.Nxd4 e5 5.Nb5 d6 6.N1c3 a6 7.Na3 b5 8.Nd5 Nce7
9.c4 Nxd5 10.exd5 bxc4 11.Nxc4 Nf6 12.Be3 Rb8 13.Rc1 Be7 14.Bb6 Qd7 15.Ba5 O-O
16.Nb6 Qb7 17.Rc4 Bd8 18.Rc6 Bd7 19.Rxd6 Bc7 20.Nc4 Bxa5+ 21.Nxa5 Qb4+ {#R}
0-1

[Event "It (open) (b)"]
[Site "masterchessopen.com Bratto (Italy)"]
[Date "2006.08.26"]
[Round "7"]
[White "Vignoli Matteo (ITA)"]
[Black "Boffa Mauro (SUI)"]
[Result "1-0"]
[WhiteElo "1975"]
[BlackElo "2134"]

1.e4 c5 2.Nf3 Nc6 3.d4 cxd4 4.Nxd4 e5 5.Nb5 d6 6.c4 Be6 7.Bd3 Be7 8.O-O a6
9.N5c3 Bg5 10.Nd5 Bxc1 11.Qxc1 Nge7 12.Nbc3 Bxd5 13.exd5 Nd4 14.f4 O-O 15.fxe5
dxe5 16.Qe3 Qd6 17.Rae1 f6 18.Qg3 b5 19.Ne4 Qb6 20.c5 Qd8 {#r} 1-0

[Event "It (b)"]
[Site "masterchessopen.com Tulsa (USA)"]
[Date "2006.09.03"]
[Round "5"]
[White "Steiner Tim C (USA)"]
[Black "Orton William R (USA)"]
[Result "0-1"]
[WhiteElo "2188"]
[BlackElo "2148"]

1.e4 c5 2.Nf3 Nc6 3.d4 cxd4 4.Nxd4 e5 5.Nb5 d6 6.c4 Be7 7.Be3 Be6 8.Bd3 a6
9.N5c3 Bg5 10.O-O Bxe3 11.fxe3 Nh6 12.Nd5 Bxd5 13.exd5 Ne7 14.Nc3 Qb6 15.Qd2
f5 16.Kh1 O-O 17.Na4 Qd8 18.Rac1 Kh8 19.Qb4 Ng4 20.Rce1 Nxd5 21.cxd5 Qh4 22.h3
Nf2+ {#R} 0-1

[Event "Extraliga 2006/07 (juniors)"]
[Site "masterchessopen.com Czech Republic"]
[Date "2006.10.07"]
[Round "2"]
[White "Rihova Kamila"]
[Black "Pelisek Daniel"]
[Result "0-1"]
[WhiteElo "1545"]
[BlackElo "1405"]

1.e4 c5 2.Nf3 Nc6 3.d4 cxd4 4.Nxd4 e5 5.Nb5 d6 6.Be3 Nf6 7.Bg5 Be7 8.Bxf6 gxf6
9.Qf3 Qa5+ 10.N5c3 Nd4 11.Qd1 f5 12.Bd3 Rg8 13.g3 b6 14.a3 b5 15.Nd2 Bb7
16.Rf1 fxe4 17.Bxe4 Bxe4 18.Ncxe4 f5 19.Nc3 b4 20.Ne2 bxa3 21.Rxa3 Nf3+ {#R}
0-1

[Event "Ch Provinciale BG"]
[Site "masterchessopen.com Bergamo (Italy)"]
[Date "2006.10.20"]
[Round "3"]
[White "Oteri Aldo (ITA)"]
[Black "Mora Paolo (ITA)"]
[Result "0-1"]
[WhiteElo "1954"]
[BlackElo "2260"]

1.e4 c5 2.Nf3 Nc6 3.d4 cxd4 4.Nxd4 e5 5.Nb5 d6 6.c4 Be7 7.N1c3 a6 8.Na3 f5
9.exf5 Bxf5 10.Bd3 Be6 11.Nc2 Nf6 12.Ne3 O-O 13.O-O Rc8 14.Ncd5 Kh8 15.Nxf6
Bxf6 16.Qh5 Bg8 17.Nd5 Qe8 18.Bg6 Qxg6 {#R} 0-1